000 00685cab a2200205 4500
001 WB3116-116
008 090401t1995 xxu||||| |||| 00| 0 eng d
035 _a(Sirsi) u11291
041 _aeng
245 _aConditions could stop gazumping
260 _c1995
350 _a0
490 _aProperty Week
_v51(3) 20 April 1995, 19(1)
520 _aThe NAEA advises estate agents to draw up conditional contracts between buyer and seller to stamp out gazumping after hearing evidence from 50 agents that gazumping had returned to the market.
650 _aCONDITIONAL CONTRACTS
650 _aGAZUMPING
690 _aPROPERTY LAW AND PRACTICE
942 _n0
948 _c04/03/1997
999 _c7186
_d7186